LUNCH - Billie Eilish (All Lyrics) - Statistics

General Stats
  • This quiz has been taken 139 times
  • The average score is 254 of 308
Answer Stats
Lyrics % Correct
could
100%
I
100%
"I
100%
eat
99%
Eat
99%
for
98%
girl
98%
lunch
98%
that
98%
she
96%
She
96%
to
96%
my
95%
on
95%
the
94%
tongue
94%
a
93%
be
92%
like
92%
one
92%
so
92%
So
92%
dances
90%
Yeah,
90%
it
89%
it,
89%
might
89%
you
89%
you,
89%
You
89%
her
88%
her,
88%
And
86%
craving,
86%
get
86%
It's
86%
it's
86%
buy
85%
crush,
85%
enough
85%
much
85%
never
85%
not
85%
Oh,
85%
stuff
85%
me
83%
when
83%
Tastes
82%
over
81%
she's
81%
She's
81%
Do
80%
I'm
80%
your
80%
'Claire'"
75%
I'll
75%
in
75%
just
75%
up
75%
chair
74%
left
74%
pullin'
74%
try
74%
under
74%
you're
74%
You're
74%
Baby,
73%
think
73%
hair
71%
now,
71%
Now
71%
were
71%
all
70%
If
70%
bein'
69%
'em
69%
off
69%
off,
69%
Said,
69%
said
69%
stairs
69%
Clothes
68%
down
68%
help
68%
here"
68%
made
68%
take
68%
there"
68%
want
68%
comin'
67%
sweet
67%
allowed,
65%
"Bring
65%
counter
65%
mirror
65%
pictures
65%
shower
65%
somethin'
65%
takin'
65%
write
65%
clear
64%
God,
64%
puttin'
64%
rare
64%
Somebody
64%
hard
63%
recipe
63%
volunteer
63%
Been
62%
bought
62%
"Call
62%
need
62%
skin's
62%
deer
61%
know
61%
tryin'
61%
wanna
60%
headlights,
58%
Tell
58%
but
56%
But
56%
say
56%
seat?
56%
how
55%
ear
54%
friend
54%
overeat
54%
run
54%
smilin'
54%
bend
52%
bend?
52%
more
52%
don't
51%
mm
51%
again
50%
interested
50%
before,
46%
break
46%
I've
45%
hunch
42%
huh
29%
No matching quizzes found
Score Distribution
Percent of People with Each Score
Percentile by Number Answered
Your Score History
You have not taken this quiz